Första hjälpen vid självmordsrisk / (Post nr. 55232)
[ visa ren ]
| 000 -LEADER | |
|---|---|
| fixed length control field | 00745cam a2200205 a 4500 |
| 001 - CONTROL NUMBER | |
| control field | 22126223 |
| 003 - CONTROL NUMBER IDENTIFIER | |
| control field | LIBRIS |
| 005 - DATE AND TIME OF LATEST TRANSACTION | |
| control field | 20210113153353.0 |
| 008 - FIXED-LENGTH DATA ELEMENTS--GENERAL INFORMATION | |
| fixed length control field | 171215s2010 sw |||| |00| 0|swe c |
| 020 ## - INTERNATIONAL STANDARD BOOK NUMBER | |
| International Standard Book Number | 9789144060682 |
| 040 ## - CATALOGING SOURCE | |
| Original cataloging agency | LGEN |
| Modifying agency | L |
| -- | S |
| 100 1# - MAIN ENTRY--PERSONAL NAME | |
| Personal name | Ringskog Vagnhammar, Susanne, |
| Dates associated with a name | 1948- |
| Authority record control number or standard number | 340026 |
| -- | 340026 |
| 245 10 - TITLE STATEMENT | |
| Title | Första hjälpen vid självmordsrisk / |
| Statement of responsibility, etc. | Susanne Ringskog Vagnhammar & Danuta Wasserman |
| 250 ## - EDITION STATEMENT | |
| Edition statement | 1. uppl. |
| 260 ## - PUBLICATION, DISTRIBUTION, ETC. | |
| Place of publication, distribution, etc. | Lund : |
| Name of publisher, distributor, etc. | Studentlitteratur, |
| Date of publication, distribution, etc. | 2010 |
| Place of manufacture | (Malmö : |
| Manufacturer | Holmberg) |
| 300 ## - PHYSICAL DESCRIPTION | |
| Extent | 90 s. : |
| Other physical details | ill. ; |
| Dimensions | 23 cm |
| 900 1s - EQUIVALENCE OR CROSS-REFERENCE-PERSONAL NAME [LOCAL, CANADA] | |
| Linkage | 100 |
| Dates associated with a name | 1948- |
| Affiliation | Ringskog Vagnhammar, Susanne, |
| Dates associated with a name | 1948- |
| 900 1s - EQUIVALENCE OR CROSS-REFERENCE-PERSONAL NAME [LOCAL, CANADA] | |
| Linkage | 100 |
| Dates associated with a name | 1948- |
| Affiliation | Ringskog Vagnhammar, Susanne, |
| Dates associated with a name | 1948- |
| 942 ## - ADDED ENTRY ELEMENTS (KOHA) | |
| Source of classification or shelving scheme | Other/Generic Classification Scheme |
| Koha item type | Bok |
| Withdrawn status | Lost status | Source of classification or shelving scheme | Damaged status | Not for loan | Home library | Current library | Date acquired | Total Checkouts | Total Renewals | Full call number | Barcode | Date last seen | Date last checked out | Price effective from | Koha item type |
|---|---|---|---|---|---|---|---|---|---|---|---|---|---|---|---|
| Other/Generic Classification Scheme | Karlskoga Lasarettsbibliotek | Karlskoga Lasarettsbibliotek | 13/01/2021 | 2 | 4 | WM 401 | 26157004867 | 02/07/2021 | 01/07/2021 | 13/01/2021 | Bok |